| 000 | 00372nam a2200157Ia 4500 | ||
|---|---|---|---|
| 008 | 140306s9999 xx 000 0 und d | ||
| 020 | _a8172882386 | ||
| 041 | _aeng | ||
| 082 |
_a658 _bSAX/PR |
||
| 100 | _aSaxena, S C | ||
| 245 | _aPrinciples and Practice of Management | ||
| 260 |
_aAgra _bSahitya Bhawan |
||
| 300 | _a329 | ||
| 365 | _bRs.60/- | ||
| 942 |
_2ddc _cBK |
||
| 999 |
_c188303 _d188303 |
||